[Event "Titled Tuesday intern op 05th Sep Late"]
[Site "Chess.com INT"]
[Date "2023.09.05"]
[Round "6"]
[White "Ardila, Oscar Humberto"]
[Black "Bernado Lopez, Roger"]
[Result "1-0"]
[WhiteElo "1979"]
[BlackElo "2183"]
[PlyCount "39"]
[EventDate "2023.09.05"]
[EventType "swiss (blitz)"]
[EventRounds "11"]
[EventCountry "USA"]
[SourceTitle "EXT 2024"]
[Source "ChessBase"]
[SourceDate "2023.10.10"]
[SourceVersion "1"]
[SourceVersionDate "2023.10.10"]
[SourceQuality "1"]

1. d4 d5 2. c4 e6 3. Nc3 h6 4. Nf3 Nf6 5. Bf4 dxc4 6. e3 c5 7. Bxc4 Nc6 8. dxc5 Bxc5 9. 0-0 0-0 10. Qe2 Qe7 11. h3 b6 12. Ne5 Nxe5 13. Bxe5 Bb7 14. Rfd1 Rfd8 15. a3 Rac8 16. b4 Bd6 17. Bxd6 Rxd6 18. Nb5 Rdd8 19. Nxa7 Bxg2 20. Nxc8 1-0

[Event "Titled Tuesday intern op 29th Aug Late"]
[Site "Chess.com INT"]
[Date "2023.08.29"]
[Round "11"]
[White "Bernado Lopez, Roger"]
[Black "Toniutti, Ezio"]
[Result "0-1"]
[WhiteElo "2170"]
[BlackElo "2182"]
[PlyCount "38"]
[EventDate "2023.08.29"]
[EventType "swiss (blitz)"]
[EventRounds "11"]
[EventCountry "USA"]
[SourceTitle "EXT 2024"]
[Source "ChessBase"]
[SourceDate "2023.10.10"]
[SourceVersion "1"]
[SourceVersionDate "2023.10.10"]
[SourceQuality "1"]

1. e4 e5 2. Nf3 Nc6 3. Bc4 Nf6 4. d3 Be7 5. 0-0 0-0 6. Nc3 d6 7. a4 Bg4 8. h3 Bh5 9. Be3 Kh8 10. Ne2 Qd7 11. Ng3 Bg6 12. a5 a6 13. c3 d5 14. exd5 Nxd5 15. Qe2 Rfe8 16. Rfe1 h6 17. Rad1 f5 18. d4 e4 19. Nh4 Bxh4 0-1

[Event "Titled Tuesday intern op 29th Aug Late"]
[Site "Chess.com INT"]
[Date "2023.08.29"]
[Round "6"]
[White "Buchenau, Frank"]
[Black "Bernado Lopez, Roger"]
[Result "0-1"]
[WhiteElo "2222"]
[BlackElo "2170"]
[PlyCount "110"]
[EventDate "2023.08.29"]
[EventType "swiss (blitz)"]
[EventRounds "11"]
[EventCountry "USA"]
[SourceTitle "EXT 2024"]
[Source "ChessBase"]
[SourceDate "2023.10.10"]
[SourceVersion "1"]
[SourceVersionDate "2023.10.10"]
[SourceQuality "1"]

1. e4 c6 2. Nf3 d5 3. Nc3 dxe4 4. Nxe4 Nf6 5. Ng3 Bg4 6. h3 Bxf3 7. Qxf3 e6 8. c3 Be7 9. d4 0-0 10. Bd3 Qd5 11. Ne4 Nbd7 12. 0-0 Rad8 13. Re1 Rfe8 14. Be3 Qh5 15. g4 Qa5 16. a4 Nxe4 17. Qxe4 Nf6 18. Qg2 Qd5 19. g5 Qxg2+ 20. Kxg2 Nd5 21. Bd2 Bd6 22. Re4 Ne7 23. Rae1 g6 24. h4 Nf5 25. h5 Bc7 26. hxg6 hxg6 27. Bf4 Bxf4 28. Rxf4 Kg7 29. Bxf5 gxf5 30. Rh4 Rh8 31. Rxh8 Rxh8 32. Kg3 Kg6 33. Kf4 Rh4+ 34. Ke5 Kxg5 35. a5 Rh2 36. Re2 Kg4 37. a6 bxa6 38. Kd6 Kf3 39. Re5 Rxf2 40. Kxc6 Rxb2 41. c4 Kg4 42. d5 exd5 43. cxd5 f4 44. d6 Rb6+ 45. Kc7 Rxd6 46. Kxd6 f3 47. Re1 f2 48. Ra1 Kg3 49. Ke5 Kg2 50. Kf6 f1Q+ 51. Rxf1 Kxf1 52. Kxf7 a5 53. Ke6 a4 54. Kd5 a3 55. Kc4 a2 0-1

[Event "Barcelona Sants op 24th"]
[Site "Barcelona"]
[Date "2023.08.19"]
[Round "2"]
[White "Bernado Lopez, Roger"]
[Black "Fernandez Guillen, Ernesto J"]
[Result "0-1"]
[WhiteElo "2170"]
[BlackElo "2469"]
[PlyCount "102"]
[EventDate "2023.08.18"]
[EventType "swiss"]
[EventRounds "10"]
[EventCountry "ESP"]
[SourceTitle "CBM 215 Extra"]
[Source "ChessBase"]
[SourceDate "2023.09.30"]
[SourceVersion "1"]
[SourceVersionDate "2023.09.30"]
[SourceQuality "1"]

1. e4 e5 2. Nf3 Nc6 3. Bc4 Bc5 4. 0-0 Nf6 5. d3 d6 6. c3 Bg4 7. Nbd2 Bb6 8. Re1 h6 9. Nf1 g5 10. Be3 Nd7 11. Bxb6 axb6 12. Ne3 Bh5 13. b4 Bg6 14. Nd2 0-0 15. Ndf1 Ne7 16. Ng3 Nf6 17. Qf3 Kg7 18. h3 c6 19. Bb3 Qc7 20. Rad1 Rad8 21. d4 Rfe8 22. Ng4 Nxg4 23. hxg4 Ng8 24. Nf5+ Bxf5 25. Qxf5 Nf6 26. Re3 Qc8 27. Qxc8 Rxc8 28. f3 exd4 29. cxd4 Nd5 30. Bxd5 cxd5 31. Rdd3 Rc1+ 32. Kh2 dxe4 33. fxe4 Rf1 34. e5 dxe5 35. dxe5 Rf4 36. a3 Rxg4 37. Rd7 Rf4 38. Rxb7 Re6 39. Rd3 Rxe5 40. Rxb6 Re2 41. a4 h5 42. a5 Rff2 43. Rg3 g4 44. a6 Ra2 45. b5 Rf4 46. Rb7 h4 47. Rb3 Rff2 48. a7 Rxg2+ 49. Kh1 Rh2+ 50. Kg1 Rag2+ 51. Kf1 h3 0-1

[Event "Titled Tuesday intern op 27th Jun Late"]
[Site "Chess.com INT"]
[Date "2023.06.27"]
[Round "5"]
[White "Aradhya, Garg"]
[Black "Bernado Lopez, Roger"]
[Result "1-0"]
[WhiteElo "2339"]
[BlackElo "2158"]
[PlyCount "77"]
[EventDate "2023.06.27"]
[EventType "swiss (blitz)"]
[EventRounds "11"]
[EventCountry "USA"]
[SourceTitle "EXT 2024"]
[Source "ChessBase"]
[SourceDate "2023.10.10"]
[SourceVersion "1"]
[SourceVersionDate "2023.10.10"]
[SourceQuality "1"]

1. d4 d5 2. c4 e6 3. Nf3 Nf6 4. Nc3 h6 5. g3 Nc6 6. Bg2 Bd6 7. 0-0 0-0 8. a3 dxc4 9. Qa4 e5 10. Qxc4 exd4 11. Nxd4 Nxd4 12. Qxd4 Qe7 13. Rd1 Bc5 14. Qh4 c6 15. b4 Bb6 16. e3 Bg4 17. Re1 Rad8 18. h3 Bf5 19. g4 Bg6 20. Ne2 Rfe8 21. Bb2 Ne4 22. Qxe7 Rxe7 23. Rad1 Red7 24. Rxd7 Rxd7 25. Bd4 Nd2 26. Bxb6 axb6 27. b5 Be4 28. Rc1 c5 29. Nc3 Bxg2 30. Kxg2 Nb3 31. Rc2 Na5 32. e4 Rd3 33. Nd5 Rxa3 34. Nxb6 Nb3 35. Rc3 Kf8 36. Nd7+ Ke7 37. Nxc5 Nxc5 38. Rxa3 Nxe4 39. Re3 1-0

[Event "Titled Tuesday intern op 27th Jun Late"]
[Site "Chess.com INT"]
[Date "2023.06.27"]
[Round "3"]
[White "Morefield, Jason P"]
[Black "Bernado Lopez, Roger"]
[Result "1-0"]
[WhiteElo "2167"]
[BlackElo "2158"]
[PlyCount "107"]
[EventDate "2023.06.27"]
[EventType "swiss (blitz)"]
[EventRounds "11"]
[EventCountry "USA"]
[SourceTitle "EXT 2024"]
[Source "ChessBase"]
[SourceDate "2023.10.10"]
[SourceVersion "1"]
[SourceVersionDate "2023.10.10"]
[SourceQuality "1"]

1. d4 d5 2. c4 e6 3. Nc3 h6 4. cxd5 exd5 5. Bf4 Nf6 6. e3 Bf5 7. Qb3 Bc8 8. Rc1 c6 9. Nf3 Bd6 10. Bxd6 Qxd6 11. Ne5 0-0 12. Bd3 Nbd7 13. f4 c5 14. Nb5 Qe7 15. Qa3 b6 16. 0-0 Bb7 17. Bf5 Rfd8 18. Rfd1 a6 19. Nc3 b5 20. Qa5 c4 21. b4 Nf8 22. a4 g6 23. Bh3 bxa4 24. Nxa4 Ne4 25. Nc5 Nxc5 26. Qxc5 Qxc5 27. bxc5 f6 28. Nf3 Bc6 29. Rb1 Bb5 30. Rdc1 Kf7 31. Kf2 f5 32. Ng1 Nd7 33. g3 Nf6 34. Bg2 Re8 35. h3 h5 36. Ne2 Rab8 37. Nc3 Bc6 38. Bf3 a5 39. Ra1 Ra8 40. Rcb1 a4 41. Rb6 Rec8 42. Rxc6 Rxc6 43. Nxd5 Rcc8 44. Nb6 Rab8 45. Nxc8 Rxc8 46. Rxa4 c3 47. Rc4 Rb8 48. Rxc3 Rb2+ 49. Ke1 Rb1+ 50. Kd2 Rb2+ 51. Rc2 Rb3 52. c6 Rb8 53. c7 Rc8 54. Bb7 1-0

[Event "Titled Tuesday intern op 13th Jun Late"]
[Site "Chess.com INT"]
[Date "2023.06.13"]
[Round "11"]
[White "Bernado Lopez, Roger"]
[Black "Schnaider, Ilan"]
[Result "0-1"]
[WhiteElo "2158"]
[BlackElo "2224"]
[PlyCount "47"]
[EventDate "2023.06.13"]
[EventType "swiss (blitz)"]
[EventRounds "11"]
[EventCountry "USA"]
[SourceTitle "EXT 2024"]
[Source "ChessBase"]
[SourceDate "2023.10.10"]
[SourceVersion "1"]
[SourceVersionDate "2023.10.10"]
[SourceQuality "1"]

1. e4 c5 2. Nf3 d6 3. d4 cxd4 4. Nxd4 Nf6 5. Nc3 a6 6. Bg5 e6 7. f4 Be7 8. Qf3 Qc7 9. 0-0-0 Nbd7 10. g4 h6 11. Bxf6 Bxf6 12. h4 Bxd4 13. Rxd4 b5 14. Bxb5 axb5 15. Nxb5 Qc5 16. Nxd6+ Ke7 17. Rhd1 Rxa2 18. Nxc8+ Rxc8 19. Rxd7+ Ke8 20. c3 Qb5 21. Kd2 Qxd7+ 22. Ke1 Qb5 23. e5 Qxb2 24. Qe4 0-1

[Event "Catalunya-chT Gp2"]
[Site "Barcelona"]
[Date "2023.02.25"]
[Round "6.7"]
[White "Martin Barcelo, Carles"]
[Black "Bernado Lopez, Roger"]
[Result "0-1"]
[WhiteElo "2191"]
[BlackElo "2180"]
[PlyCount "102"]
[EventDate "2023.01.21"]
[EventType "team-tourn"]
[EventRounds "7"]
[EventCountry "ESP"]
[SourceTitle "CBM 213 Extra"]
[Source "ChessBase"]
[SourceDate "2023.05.31"]
[SourceVersion "1"]
[SourceVersionDate "2023.05.31"]
[SourceQuality "1"]
[WhiteTeam "Barcelona Escacs CC"]
[BlackTeam "Colon Sabadell"]
[WhiteTeamCountry "ESP"]
[BlackTeamCountry "ESP"]

1. e4 e5 2. Nf3 Nc6 3. Bb5 Nf6 4. 0-0 Nxe4 5. d4 Nd6 6. dxe5 Nxb5 7. a4 d6 8. axb5 Nxe5 9. Re1 Be7 10. Nxe5 dxe5 11. Qxd8+ Kxd8 12. Rxe5 Bd6 13. Rd5 Be6 14. Rd1 Ke7 15. Nc3 Rhd8 16. Be3 b6 17. f4 Kf8 18. Nd5 Re8 19. Kf2 h5 20. g3 f6 21. b3 Kf7 22. c4 h4 23. b4 hxg3+ 24. hxg3 Bxd5 25. Rxd5 Bxb4 26. c5 Ba5 27. Rad1 Re7 28. Rd8 Rxd8 29. Rxd8 bxc5 30. Bxc5 Bb6 31. Bxb6 axb6 32. f5 Re5 33. g4 Rxb5 34. Rd7+ Kg8 35. Rxc7 Rb3 36. Rb7 b5 37. Ke2 Rb1 38. Kd3 Rb4 39. Ke3 Rb2 40. Kd3 b4 41. Ke3 b3 42. Kd3 Rb1 43. Kc3 Rc1+ 44. Kd3 Rd1+ 45. Ke3 Rg1 46. Rb4 Kh7 47. Kf3 Rb1 48. Kg3 Kh6 49. Rb8 Kg5 50. Rg8 b2 51. Rxg7+ Kh6 0-1

[Event "Titled Tuesday intern op 24th Jan Late"]
[Site "Chess.com INT"]
[Date "2023.01.24"]
[Round "10"]
[White "Bernado Lopez, Roger"]
[Black "Papayan, Oleg"]
[Result "1-0"]
[WhiteElo "2180"]
[BlackElo "2253"]
[PlyCount "115"]
[EventDate "2023.01.24"]
[EventType "swiss (blitz)"]
[EventRounds "11"]
[EventCountry "USA"]
[SourceTitle "EXT 2024"]
[Source "ChessBase"]
[SourceDate "2023.10.10"]
[SourceVersion "1"]
[SourceVersionDate "2023.10.10"]
[SourceQuality "1"]

1. Nf3 Nf6 2. c4 e6 3. g3 d5 4. Bg2 dxc4 5. Qa4+ Nbd7 6. Qxc4 a6 7. Qc2 c5 8. 0-0 b5 9. Ne5 Nd5 10. d4 Nxe5 11. dxe5 Qc7 12. Nc3 Bb7 13. Rd1 Nb4 14. Qd2 Bxg2 15. Kxg2 Be7 16. a3 Rd8 17. Qf4 Rxd1 18. Nxd1 Nc6 19. Be3 Qxe5 20. Qxe5 Nxe5 21. Rc1 Nc4 22. b3 Nxe3+ 23. Nxe3 Kd7 24. Kf3 Kc6 25. Rd1 Rd8 26. Rxd8 Bxd8 27. a4 Bf6 28. Ke4 Bd4 29. Nd1 f5+ 30. Kd3 Kd5 31. e3 Bf6 32. f3 c4+ 33. Kc2 g5 34. Nf2 h5 35. h3 Kc5 36. axb5 axb5 37. bxc4 Kxc4 38. g4 hxg4 39. hxg4 b4 40. gxf5 b3+ 41. Kb1 exf5 42. e4 f4 43. Ng4 Bd4 44. Kc1 Kd3 45. e5 Ke2 46. e6 Bc5 47. Ne5 Ke3 48. Kb2 Be7 49. Kxb3 Kf2 50. Kc4 Ke3 51. Kd5 Bf6 52. Ng4+ Kxf3 53. Nxf6 g4 54. Nxg4 Kxg4 55. e7 f3 56. e8Q f2 57. Qe2+ Kg3 58. Qf1 1-0

[Event "Titled Tuesday intern op 24th Jan Late"]
[Site "Chess.com INT"]
[Date "2023.01.24"]
[Round "11"]
[White "Pasti, Aron"]
[Black "Bernado Lopez, Roger"]
[Result "0-1"]
[WhiteElo "2381"]
[BlackElo "2180"]
[PlyCount "120"]
[EventDate "2023.01.24"]
[EventType "swiss (blitz)"]
[EventRounds "11"]
[EventCountry "USA"]
[SourceTitle "EXT 2024"]
[Source "ChessBase"]
[SourceDate "2023.10.10"]
[SourceVersion "1"]
[SourceVersionDate "2023.10.10"]
[SourceQuality "1"]

1. e4 e5 2. Nf3 Nc6 3. Bb5 Nf6 4. d3 Bc5 5. 0-0 Nd4 6. Nxd4 Bxd4 7. c3 Bb6 8. d4 0-0 9. dxe5 Nxe4 10. Qd5 Nxf2 11. Rxf2 Bxf2+ 12. Kxf2 c6 13. Qd6 cxb5 14. Bf4 Qb6+ 15. Qxb6 axb6 16. Nd2 f6 17. Ke3 fxe5 18. Bxe5 d6 19. Bxd6 Re8+ 20. Kf2 Be6 21. Ba3 Bd5 22. Rd1 Bxa2 23. Nf3 Rad8 24. Nd4 Bc4 25. g4 Re2+ 26. Kg3 Re3+ 27. Kf2 Re4 28. Kf3 Rde8 29. Rd2 Re3+ 30. Kf2 Re1 31. Bd6 Rf1+ 32. Kg2 g6 33. b3 Rf6 34. Bg3 Bd5+ 35. Kh3 Bc6 36. b4 Re3 37. Kh4 h6 38. Ra2 g5+ 39. Kh3 Bd7 40. Ra7 h5 41. Rxb7 hxg4+ 42. Kg2 Re2+ 43. Nxe2 Bc6+ 44. Kg1 Bxb7 45. Nd4 Bc8 46. Nxb5 Bd7 47. Nd4 Kf7 48. c4 Kg6 49. Be5 Rf8 50. Bc7 Rc8 51. Bxb6 Rxc4 52. Bc5 Bf5 53. Nb5 Rc2 54. Nd6 Rb2 55. b5 Bd7 56. b6 Bc6 57. Bd4 Rg2+ 58. Kf1 Rxh2 59. b7 Rh1+ 60. Kf2 Rb1 0-1

[Event "Titled Tuesday intern op 24th Jan Late"]
[Site "Chess.com INT"]
[Date "2023.01.24"]
[Round "5"]
[White "Risteski, Emil"]
[Black "Bernado Lopez, Roger"]
[Result "1-0"]
[WhiteElo "2378"]
[BlackElo "2180"]
[PlyCount "137"]
[EventDate "2023.01.24"]
[EventType "swiss (blitz)"]
[EventRounds "11"]
[EventCountry "USA"]
[SourceTitle "EXT 2024"]
[Source "ChessBase"]
[SourceDate "2023.10.10"]
[SourceVersion "1"]
[SourceVersionDate "2023.10.10"]
[SourceQuality "1"]

1. Nf3 d5 2. g3 Bg4 3. Bg2 e6 4. 0-0 Nf6 5. c4 c6 6. Qb3 Qb6 7. d3 Bc5 8. Qc2 Nbd7 9. Nc3 Qa6 10. Na4 Be7 11. h3 Bh5 12. b3 0-0 13. g4 Bg6 14. Nh4 b5 15. Nxg6 hxg6 16. Nb2 Rab8 17. Bf4 e5 18. Bg3 Rbc8 19. Rfc1 g5 20. Nd1 Ba3 21. Rcb1 Rfe8 22. Ne3 Bf8 23. a4 b4 24. Rc1 d4 25. Nf1 Nc5 26. Nd2 Qb7 27. Ne4 Nfxe4 28. Bxe4 Nxe4 29. dxe4 c5 30. Qd3 a5 31. Kg2 Be7 32. f3 g6 33. Rh1 Bf6 34. h4 gxh4 35. Bxh4 Kg7 36. Bxf6+ Kxf6 37. Rh7 Ke6 38. Rah1 Qe7 39. Qd2 Qf6 40. Qh6 Rcd8 41. Qd2 Rh8 42. g5 Rxh7 43. gxf6 Rxh1 44. Kxh1 Rh8+ 45. Kg2 Rh5 46. e3 Kxf6 47. f4 Rh4 48. exd4 Rg4+ 49. Kh3 Rxf4 50. dxe5+ Kxe5 51. Qd5+ Kf6 52. e5+ Kg7 53. e6 fxe6 54. Qxe6 Rf3+ 55. Kg4 Rxb3 56. Qe7+ Kh6 57. Qh4+ Kg7 58. Qe7+ Kh6 59. Qxc5 Rc3 60. Qxa5 Rxc4+ 61. Kf3 b3 62. Qb5 Rc3+ 63. Ke4 Rh3 64. a5 Rh4+ 65. Kd3 Rh3+ 66. Kc4 g5 67. a6 g4 68. a7 b2 69. Qxb2 1-0